<?xml version="1.0" encoding="UTF-8"?>
<record
    xmlns:xsi="http://www.w3.org/2001/XMLSchema-instance"
    xsi:schemaLocation="http://www.loc.gov/MARC21/slim http://www.loc.gov/standards/marcxml/schema/MARC21slim.xsd"
    xmlns="http://www.loc.gov/MARC21/slim">

  <leader>01254nam a2200289 a 4500</leader>
  <controlfield tag="001">4831</controlfield>
  <controlfield tag="003">BD-RjUL</controlfield>
  <controlfield tag="005">20250420122538.0</controlfield>
  <controlfield tag="008">250420s1961    pk       s   o00| 0 eng  </controlfield>
  <datafield tag="035" ind1=" " ind2=" ">
    <subfield code="a">(BD-RjUL)4831</subfield>
  </datafield>
  <datafield tag="040" ind1=" " ind2=" ">
    <subfield code="a">DLC</subfield>
    <subfield code="c">DLC</subfield>
    <subfield code="d">DLC</subfield>
    <subfield code="d">BD-RjUL</subfield>
    <subfield code="b">eng</subfield>
  </datafield>
  <datafield tag="041" ind1=" " ind2=" ">
    <subfield code="a">eng</subfield>
  </datafield>
  <datafield tag="082" ind1=" " ind2=" ">
    <subfield code="2">23</subfield>
    <subfield code="a">304.609549021</subfield>
    <subfield code="b">SIB 1963 </subfield>
  </datafield>
  <datafield tag="110" ind1=" " ind2=" ">
    <subfield code="a">Pakistan.</subfield>
    <subfield code="b">Ministry of Home and Kashmir Affairs (Home Affairs Division).</subfield>
    <subfield code="9">186432</subfield>
  </datafield>
  <datafield tag="245" ind1="1" ind2="0">
    <subfield code="a">Population census of Pakistan, 1961 : </subfield>
    <subfield code="b">District census report, SIBI /</subfield>
    <subfield code="c">Pakistan. Ministry of Home and Kashmir Affairs (Home Affairs Division) ; Census organization (Pakistan) ; A. Rashid, [comp.]</subfield>
  </datafield>
  <datafield tag="246" ind1=" " ind2=" ">
    <subfield code="a">District census report, SIBI</subfield>
  </datafield>
  <datafield tag="260" ind1=" " ind2=" ">
    <subfield code="a">Karachi: </subfield>
    <subfield code="b">Manager of Publications,</subfield>
    <subfield code="c">[1961?]</subfield>
  </datafield>
  <datafield tag="300" ind1=" " ind2=" ">
    <subfield code="a">various pagings :</subfield>
    <subfield code="b">Ill. ;</subfield>
    <subfield code="c">25 cm.</subfield>
  </datafield>
  <datafield tag="490" ind1=" " ind2=" ">
    <subfield code="a">census, 61 ;</subfield>
    <subfield code="v">P. No.144</subfield>
  </datafield>
  <datafield tag="505" ind1="0" ind2="1">
    <subfield code="a"> Parts I-V : General description, general tables, housing tables, population tables, and village statistics. </subfield>
  </datafield>
  <datafield tag="651" ind1=" " ind2=" ">
    <subfield code="a">Pakistan </subfield>
    <subfield code="z">Jacobabad</subfield>
    <subfield code="x">Census, 1961</subfield>
    <subfield code="9">195629</subfield>
  </datafield>
  <datafield tag="651" ind1=" " ind2=" ">
    <subfield code="a">Pakistan </subfield>
    <subfield code="z">Jacobabad</subfield>
    <subfield code="x">population  </subfield>
    <subfield code="v">Statistics </subfield>
    <subfield code="y">1961</subfield>
    <subfield code="9">195630</subfield>
  </datafield>
  <datafield tag="700" ind1=" " ind2=" ">
    <subfield code="a">Rashid, A. , [comp.]</subfield>
    <subfield code="9">15277</subfield>
  </datafield>
  <datafield tag="710" ind1=" " ind2=" ">
    <subfield code="a">Census organization (Pakistan)</subfield>
    <subfield code="9">186435</subfield>
  </datafield>
  <datafield tag="830" ind1=" " ind2=" ">
    <subfield code="a">Census, 61 ;</subfield>
    <subfield code="v">P. No. 144</subfield>
    <subfield code="9">15278</subfield>
  </datafield>
  <datafield tag="942" ind1=" " ind2=" ">
    <subfield code="2">ddc</subfield>
    <subfield code="c">RAR</subfield>
  </datafield>
  <datafield tag="999" ind1=" " ind2=" ">
    <subfield code="c">84831</subfield>
    <subfield code="d">84831</subfield>
  </datafield>
  <datafield tag="952" ind1=" " ind2=" ">
    <subfield code="0">0</subfield>
    <subfield code="1">0</subfield>
    <subfield code="2">ddc</subfield>
    <subfield code="4">0</subfield>
    <subfield code="7">1</subfield>
    <subfield code="8">NFIC</subfield>
    <subfield code="a">RUCL</subfield>
    <subfield code="b">RUCL</subfield>
    <subfield code="d">2025-04-20</subfield>
    <subfield code="l">0</subfield>
    <subfield code="o">RA 304.609549021 SIB Pt.1-5 1963 </subfield>
    <subfield code="r">2025-04-20 00:00:00</subfield>
    <subfield code="t">C-1</subfield>
    <subfield code="w">2025-04-20</subfield>
    <subfield code="y">RAR</subfield>
  </datafield>
</record>
